| 000 | 00721nam a22002297a 4500 | ||
|---|---|---|---|
| 999 |
_c14749 _d14749 |
||
| 003 | AR-CdUCM | ||
| 008 | 190424b ||||| |||| 00| 0 spa d | ||
| 040 |
_aMUNICIPALIDAD PROVINCIAL DEL CUSCO _cBIBLIOTECA MUNICIPAL DEL CUSCO |
||
| 082 |
_aC / 980.5 / _bK22 |
||
| 100 |
_aKapsoli, Wilfredo _95417 |
||
| 245 | _aEl pensamiento en la asociación pro indígena / | ||
| 260 |
_aCusco : _bCBC, _c1980. |
||
| 300 |
_a151 páginas ; _c21 cm. |
||
| 440 |
_adebates rurales _n3 _931033 |
||
| 505 | _aLos actores -- El pensamiento -- Notas finales -- Anexos -- | ||
| 650 |
_aIndio. _929864 |
||
| 650 |
_aRevolución. _9844 |
||
| 650 |
_aReforma. _94889 |
||
| 650 |
_aCampesino. _910099 |
||
| 942 |
_2ddc _cLIBROS |
||
| 945 | _awfj | ||